Powerful exhibit marketing : The complete guide to successful trade shows, conference and consumer shows
Сохранить в:
| Главный автор: | |
|---|---|
| Формат: | |
| Язык: | Undetermined |
| Опубликовано: |
Canada
John Wiley & Sons Canada, Ltd.
2005
|
| Предметы: | |
| Метки: |
Добавить метку
Нет меток, Требуется 1-ая метка записи!
|
| Thư viện lưu trữ: | Trung tâm Học liệu Trường Đại học Cần Thơ |
|---|
| LEADER | 00602nam a2200205Ia 4500 | ||
|---|---|---|---|
| 001 | CTU_96240 | ||
| 008 | 210402s9999 xx 000 0 und d | ||
| 020 | |c 303000 | ||
| 082 | |a 659.1 | ||
| 082 | |b S622 | ||
| 100 | |a Siskind, Barry | ||
| 245 | 0 | |a Powerful exhibit marketing : | |
| 245 | 4 | |b The complete guide to successful trade shows, conference and consumer shows | |
| 245 | 0 | |c Barry Siskind | |
| 260 | |a Canada | ||
| 260 | |b John Wiley & Sons Canada, Ltd. | ||
| 260 | |c 2005 | ||
| 650 | |a Trade shows,Marketing | ||
| 904 | |i Hiếu | ||
| 980 | |a Trung tâm Học liệu Trường Đại học Cần Thơ | ||